| 000 | 00970nam a2200277 u 4500 | ||
|---|---|---|---|
| 001 | 000022447 | ||
| 003 | DO-SdBNP | ||
| 005 | 20260527074041.0 | ||
| 008 | 100813s1996 dr r 001 0 spa d | ||
| 020 | _a8492148004 | ||
| 040 |
_aDO-SdBNP _bspa _cBNPHU |
||
| 082 |
_a324.6097293 _bP349c |
||
| 100 | 1 |
_aPeña, Angela _937722 |
|
| 245 | 1 | 0 |
_aCampañas y crisis electorales : _bla experiencia dominicana / _cAngela Peña. |
| 260 |
_aSanto Domingo : _bLozano, _c1996. |
||
| 300 |
_a385 p. : _bil. ; _c23 cm. |
||
| 500 | _aIncluye índice | ||
| 500 | _aIncluye datos biográficos de la autora en la contracubierta | ||
| 590 | _aInventariado, 2019/MFF | ||
| 650 | 4 |
_aElecciones _zRepública Dominicana _92992 |
|
| 650 | 0 |
_aPartidos políticos _zRepública Dominicana _9285 |
|
| 650 | 0 |
_aCampaña electoral _zRepública Dominicana _946157 |
|
| 651 | 0 |
_aRepública Dominicana _xPolítica y gobierno _945 |
|
| 910 | _aValidado. Control de calidad MFF | ||
| 942 |
_2ddc _cLBS1 |
||
| 999 |
_c21945 _d21945 |
||